Operation Management for Comeptitive Advantage (Record no. 1317)

MARC details
000 -LEADER
fixed length control field 00458nam a22001697a 4500
005 - DATE AND TIME OF LATEST TRANSACTION
control field 20160521125822.0
008 - FIXED-LENGTH DATA ELEMENTS--GENERAL INFORMATION
fixed length control field 160521b xxu||||| |||| 00| 0 eng d
020 ## - INTERNATIONAL STANDARD BOOK NUMBER
ISBN 0-07-058195-9
041 ## - LANGUAGE CODE
Language code of text/sound track or separate title eng
082 ## - DEWEY DECIMAL CLASSIFICATION NUMBER
Item number 3810
100 ## - MAIN ENTRY--AUTHOR NAME
Personal name Chase, Richard B. Jacobs, F. Robert Aquleno, N. Cholas J.
245 ## - TITLE STATEMENT
Title Operation Management for Comeptitive Advantage
260 ## - PUBLICATION, DISTRIBUTION, ETC. (IMPRINT)
Place of publication New Delhi
Name of publisher TMH,
Year of publication 1973
300 ## - PHYSICAL DESCRIPTION
Number of Pages 735
650 ## - SUBJECT ADDED ENTRY--TOPICAL TERM
Topical Term Management
942 ## - ADDED ENTRY ELEMENTS (KOHA)
Koha item type Books
Holdings
Lost status Damaged status Home library Current library Shelving location Date acquired Full call number Accession Number Koha item type Collection code
    JRU Library   SHELF -72 - I 21/05/2016 3810 3810 Books  
    JRU Library JRU Library SHELF-76-N 21/05/2016 3810 3811 Books MANAGEMENT